| Tag |
First Indicator |
Second Indicator |
Subfields |
| LEADER |
00000cam a2200000 4500 |
| 001 |
in00000220921 |
| 005 |
20151009065659.0 |
| 008 |
720627s1949 nyu b 00000 eng d |
| 010 |
|
|
|a 49010687
|
| 035 |
|
|
|a (OCoLC)00343108
|
| 035 |
|
|
|9 AAY4463AM
|
| 040 |
|
|
|c WBU
|d TXA
|d UtOrBLW
|
| 049 |
|
|
|a TXAM
|c 1 [443664], 2 [171042], 3 [412630]
|
| 090 |
|
|
|a CB425
|b .K65 1949
|
| 100 |
1 |
|
|a Kohn, Hans,
|d 1891-1971.
|
| 245 |
1 |
4 |
|a The twentieth century :
|b a mid-way account of the Western World.
|
| 264 |
|
1 |
|a New York :
|b Macmillan Co.,
|c 1949.
|
| 300 |
|
|
|a ix, 242 pages ;
|c 21 cm.
|
| 336 |
|
|
|a text
|b txt
|2 rdacontent
|
| 337 |
|
|
|a unmediated
|b n
|2 rdamedia
|
| 338 |
|
|
|a volume
|b nc
|2 rdacarrier
|
| 504 |
|
|
|a Bibliographical references included in "Notes" (pages [221]-234).
|
| 650 |
|
0 |
|a Twentieth century.
|
| 999 |
|
|
|a MARS
|
| 999 |
f |
f |
|s b719738b-10d4-3d61-99f5-20853a6e7733
|i 7e9946dd-c37b-3663-b0d9-ec783893d859
|t 0
|
| 952 |
f |
f |
|p ric
|a Texas A&M University
|b Rellis Campus
|c Joint Library Facility
|d Remote Storage
|t 0
|e CB425 .K65 1949
|h Library of Congress classification
|i unmediated -- volume
|m A14801843335
|
| 998 |
f |
f |
|a CB425 .K65 1949
|t 0
|l Remote Storage
|